| 000 | 00427nam a2200157Ia 4500 | ||
|---|---|---|---|
| 008 | 151213s9999 xx 000 0 und d | ||
| 100 | _aTeres Audosink & Gerald Audesink | ||
| 245 |
_aBio Life On Earth _cTeres Audosink & Gerald Audesink |
||
| 250 | _a5th | ||
| 260 |
_aNew Jersey _bPrentice hall |
||
| 300 | _a1497 p. | ||
| 650 | _aBiology | ||
| 650 | _aBiology | ||
| 700 | _aTeres Audosink & Gerald Audesink | ||
| 999 |
_c1158 _d1158 |
||